NFL Stadiums to Teams - Statistics

General Stats
  • This quiz has been taken 132 times
  • The average score is 26 of 32
Answer Stats
Stadium Team % Correct
Hard Rock Stadium Miami Dolphins
93%
Lambeau Field Green Bay Packers
92%
GEHA Field at Arrowhead Stadium Kansas City Chiefs
92%
Gillette Stadium New England Patriots
92%
AT&T Stadium Dallas Cowboys
90%
SoFi Stadium (NFC team) Los Angeles Rams
90%
Caesars Superdome New Orleans Saints
90%
Ford Field Detroit Lions
88%
SoFi Stadium (AFC team) Los Angeles Chargers
88%
MetLife Stadium (AFC team) New York Jets
88%
Cleveland Browns Stadium Cleveland Browns
87%
MetLife Stadium (NFC team) New York Giants
86%
Mercedes-Benz Stadium Atlanta Falcons
85%
Lucas Oil Stadium Indianapolis Colts
85%
Allegiant Stadium Las Vegas Raiders
85%
Soldier Field Chicago Bears
83%
Empower Field at Mile High Denver Broncos
83%
Bank of America Stadium Carolina Panthers
80%
NRG Stadium Houston Texans
80%
Levi's Stadium San Francisco 49ers
78%
Highmark Stadium Buffalo Bills
77%
Nissan Stadium Tennessee Titans
77%
FedExField Washington Commanders
77%
M&T Bank Stadium Baltimore Ravens
76%
Acrisure Stadium Pittsburgh Steelers
76%
Lumen Field Seattle Seahawks
76%
Raymond James Stadium Tampa Bay Buccaneers
76%
Lincoln Financial Field Philadelphia Eagles
73%
State Farm Stadium Arizona Cardinals
72%
Paycor Stadium Cincinnati Bengals
72%
U.S. Bank Stadium Minnesota Vikings
72%
EverBank Field Jacksonville Jaguars
70%
No matching quizzes found
Score Distribution
Percent of People with Each Score
Percentile by Number Answered
Your Score History
You have not taken this quiz